000 00657cam a22002293a 4500
001 14000
003 PGUSA
005 20140828083312.0
008 041110s2004||||xxu|||||s|||||000 | eng d
040 _aPGUSA
_beng
042 _adc
050 4 _aQC
100 1 _aTyndall, John,
_d1820-1893
245 1 0 _aSix Lectures on Light :
_bDelivered In The United States In 1872-1873
_h[electronic resource] /
_cJohn Tyndall
260 _bProject Gutenberg,
_c2004
506 _aPublic domain in the USA.
516 _aElectronic text
653 _aLight
830 0 _aProject Gutenberg
_v14000
856 4 0 _uhttp://www.gutenberg.org/ebooks/14000
942 _cEB
999 _c243255
_d243255